00380nam a2200157Ia 4500003000900000008004100009020001800050040001600068080001700084100001200101245002100113260002500134300001000159650004100169650001200210IN-BaIIA211028s9999 xx 000 0 eng d a0-600-02883-6 cIIA Library a12:42.0bOPL aOplt, J 0aOrchidscJ. Oplt aLondonbHamlync1970 a138p. aAstronomy and Astrophysics Thesaurus aOrchids